| 000 | 00994nas a2200313 4500 | ||
|---|---|---|---|
| 001 | BR2013004109 | ||
| 003 | BR-BrBNA | ||
| 005 | 20231205122626.0 | ||
| 007 | ta | ||
| 008 | 230509b bl.|||p| |||| 00| 00por d | ||
| 040 |
_aBR-BrBNA _bpor _cBiblioteca Nacional de Agricultura |
||
| 041 | _a(Pt) | ||
| 072 | _aH20 | ||
| 100 | 1 | _aAngelotti, F. | |
| 100 | 1 | _aTessmann, D.J. | |
| 100 | 1 | _aAlves, T.C.A. | |
| 100 | 1 | _aVida, J.B. | |
| 100 | 1 | _aJaccoud Filho, D. de S. | |
| 100 | 1 | _aHarakava, R. | |
| 245 | 1 | _aCaracterização morfológica e identificação molecular de isolados de Fusarium graminearum associados à giberela do trigo e triticale no sul do Brasil | |
| 650 | _aTRIGO | ||
| 650 | _aTRITICALE | ||
| 650 | _aFUSARIUM GRAMINEARUM | ||
| 650 | _aFUSARIOSE | ||
| 650 | _aPATOGENICIDADE | ||
| 773 | 0 |
_tSumma Phytopathologica (Brazil) _xISSN 0100-5405 _g(Apr-Jun 2006), v.32(2) p. 177-179 _wBR2013004109 |
|
| 909 |
_a202311 _bLúcia _c55 _dLúcia Elande |
||
| 942 |
_2AGRIS _n0 _cANA |
||
| 999 |
_c229645 _d229645 |
||